| 000 -LEADER |
| fixed length control field |
00560cam a22001457a 4500 |
| 008 - FIXED-LENGTH DATA ELEMENTS--GENERAL INFORMATION |
| fixed length control field |
180718b1979 xxu||||| |||| 00| 0 eng d |
| 082 ## - DEWEY DECIMAL CLASSIFICATION NUMBER |
| Classification number |
F5x5412 B438 |
| 100 ## - MAIN ENTRY--PERSONAL NAME |
| Personal name |
West Bengal. Emergency Excess Inquiry Commission |
| 245 ## - TITLE STATEMENT |
| Title |
Interim report of the Emergency Excess Inquiry Commission, West Bengal |
| Statement of responsibility, etc. |
by Home (Special) Department |
| 260 ## - PUBLICATION, DISTRIBUTION, ETC. |
| Place of publication, distribution, etc. |
Calcutta |
| Name of publisher, distributor, etc. |
Home (Special) Department |
| Date of publication, distribution, etc. |
1979 |
| 300 ## - PHYSICAL DESCRIPTION |
| Extent |
3 Parts |
| 500 ## - GENERAL NOTE |
| General note |
Library has Pt.1. 39p;Pt.2. 46p;Pt. 3. 138p |
| 700 ## - ADDED ENTRY--PERSONAL NAME |
| Personal name |
West Bengal. Home (Special) Department |
| 700 ## - ADDED ENTRY--PERSONAL NAME |
| Personal name |
Chakrabarti, H. (Chairman) |